000 00865nam a2200265 a 4500
001 000045555
003 OSt
005 20240412074304.0
008 150414s2003 dr r 000 0 spa d
020 _a9993480045
040 _aDO-SdBNP
_bspa
_cDO-SdBNP
082 _aRD863.4
_bC422s, 2003
100 1 _aCestero, Tulio M.,
_q(Tulio Manuel),
_d1877-1955
_91698
245 1 3 _aLa sangre :
_buna vida bajo la tiranía /
_cTulio Manuel Cestero ; prólogo Fernando Valerio Holguín.
250 _a2a ed.
260 _aSanto Domingo :
_bManatí,
_c2003.
300 _a195, [5] p. ;
_c21 cm.
590 _aInventariado, 2019/BT
650 0 _aNovela histórica dominicana.
_9860
650 0 _aLiteratura dominicana.
_967
700 1 _aValerio Holguín, Fernando,
_epról.
_919580
910 _aValidado. Control de calidad. MFF
942 _2ddc
_cLBS1
956 _aVMateo
999 _c45044
_d45044